Представление документа в формате RUSMARC

ПолеНазваниеЗначение
  Тип записи a
  Библиографический уровень m
001 Контрольный номер 18424b73a343427493ad9690cbe8af9d
005 Дата корректировки 20201206205155.0
010 Индекс ISBN __
a ISBN 978-5-00083-426-8 (в пер.)
d Цена 500-00, 5000 экз.
100 Данные общей обработки __
a Данные общей обработки 19190131d2018||||||| 0rusy0189 ca
101 Язык документа 0_
a Язык текста rus
102 Страна публикации __
a Страна публикации ru
102 Страна публикации __
a Страна публикации RU
105 Кодированные данные (монография) __
a Кодированные данные (монография) #||||||||||zy
200 Заглавие и сведения об ответственности 1_
a Заглавие Разноцветный снег
e Сведения, относящиеся к заглавию [повесть : для среднего школьного возраста]
f Первые сведения об ответственности Наталия Волкова
b Общее обозначение материала Текст
210 Выходные данные __
a Место издания Москва
c Издательство КомпасГид
d Дата издания 2018
215 Физическое описание __
a Объем 157, [2] с.
d Формат 22 см
330 Аннотация __
a Аннотация Вот как в жизни бывает: из одной случайной встречи вылилась целая история, напоминающая детектив! 13-летняя Стася столкнулась с Яковом Семеновичем, новым библиотекарем, а тот пригласил ее в литературный кружок. Конечно, Стася позвала с собой и Ромку - хорошего друга, у которого в семье случилась беда, - чтобы как-то отвлечь. "Нарисуйте на одном листе снег, а на другом - ночь", - такое странное задание Яков Семенович дал на первом занятии. И надо же, все справились с ним по-разному! Были и другие удивительные задания - например, покопаться в истории Антона Петровича Старцева. Это тот самый предатель, которого в Ожске помнят с войны. Казалось бы, про Старцева все давно известно, но библиотекарю Якову Семеновичу удалось достучаться до подростков и правильно поставить главный вопрос: "А предатель ли Старцев?" - и жажда справедливости по-настоящему оживила ребят. Стася с друзьями обнаруживают недостающие детали пазла - детали, ради которых стоит даже тайком пробраться в кабинет директора… По мере движения к разгадке главной интриги читатель, как и герои повести, примеряет на себя судьбы многих людей. Прошлое оказывается сложнее, чем представлялось, да и настоящее тоже.
333 Примечание о целевом назначении __
a Примечание о целевом назначении 12+. Для детей старше 12 лет
606 Тематические рубрики __
a Основная рубрика Художественная литература
606 Тематические рубрики __
a Основная рубрика Современная русская литература (произведения)
610 Ключевые слова __
a Ключевые слова детская литература
610 Ключевые слова __
a Ключевые слова тема детей
610 Ключевые слова __
a Ключевые слова тема подростков
610 Ключевые слова __
a Ключевые слова подростковая литература
610 Ключевые слова __
a Ключевые слова повести
610 Ключевые слова __
a Ключевые слова повести для детей
610 Ключевые слова __
a Ключевые слова повести о детях
610 Ключевые слова __
a Ключевые слова тема прошлого
610 Ключевые слова __
a Ключевые слова тема друзей
610 Ключевые слова __
a Ключевые слова тема библиотекарей
610 Ключевые слова __
a Ключевые слова тема литературных кружков
686 Индексы других классификаций __
2 Код системы rubbks
a Классификационный индекс 84(2=411.2)6-4; ст84(2=411.2)6-4
700 Автор _1
a Фамилия Волкова
b Имя Н. Г.
f Даты 1977-
g Полное личное имя Наталия Геннадьевна
4 Код отношения 070
801 Источник записи _0
a Страна ru
b Организация Муниципальное бюджетное учреждение культуры "Централизованная библиотечная система" г. Сургут (Центральная городская библиотека им. А. С. Пушкина)
c Дата составления 20190131
g Правила каталогизации PSBO
801 Источник записи _1
a Страна ru
b Организация Муниципальное бюджетное учреждение культуры "Централизованная библиотечная система" г. Сургут (Центральная городская библиотека им. А. С. Пушкина)
c Дата составления 20190131
g Правила каталогизации PSBO
852 Данные о местонахождении __
j Шифр хранения 84(2=411.2)6-4
i Авторский знак В 67
901 Тип документа __
t Тип документа m
a Ответственный ООФиК/Волкова
903 Характеристики (МАРС) __
a Дата передачи 20190131
969 Тип издания __
a Тип издания издание для детей
990 Данные о заказе (DOS) __
j Количество экземпляров (DOS) 5
t N записи в КСУ для И/У (DOS) 201902